00712 2200205 4500001002100000005001700021008004100038035002500079082001500104090002000119100002200139245010300161260006200264300003000326500006700356504002900423650002500452700001100477990001800488INLIS00000000000981020150812091057.0 ind  a0010-081500000001248 223a297.65 aSK 297.65 Akh K aAKHMAD Miftahudin aKOmunikasi politik sebagai penguatan kader partaib: (Studi pada DPW PPP DIY)c/ Akhmad Miftahudin aYogyakartabUniversitas Islam Negeri Sunan Kalijagac2007 ax, 84 lembarc;c29,5 cm. aSkripsi Jurusan Komunikasi dan Penyiaran Islam Fakultas Dakwah aBibliografi : hlm. 72-74 aPartai politik islam aKHADIQ a47901-PD/A.15